[Event "Wch U14"]
[Site "Al Ain"]
[Date "2013.12.28"]
[Round "11"]
[White "Foziljonov, Hojiakbar"]
[Black "Dolana, Andrei Theodor"]
[Result "0-1"]
[WhiteElo "1801"]
[BlackElo "2210"]
[PlyCount "90"]
[EventDate "2013.12.18"]
[EventType "swiss"]
[EventRounds "11"]
[EventCountry "UAE"]
[SourceTitle "CBM 158 Extra"]
[Source "ChessBase"]
[SourceDate "2014.02.28"]
[SourceVersion "1"]
[SourceVersionDate "2014.02.28"]
[SourceQuality "1"]

1. e4 e5 2. Nf3 Nc6 3. Bc4 Bc5 4. 0-0 d6 5. c3 Nf6 6. d3 0-0 7. Nbd2 a6 8. Bb3 Ba7 9. h3 Ne7 10. Re1 Ng6 11. Nf1 Nh5 12. Bg5 Qe8 13. Nh4 Ngf4 14. Nf5 g6 15. Ne7+ Kg7 16. Nxc8 Rxc8 17. Ne3 f5 18. exf5 gxf5 19. Nd5 Nxd5 20. Bxd5 Qg6 21. Qd2 f4 22. Be7 Rfe8 23. Be4 Qh6 24. Bh4 Ng3 25. Bxg3 fxg3 26. Qxh6+ Kxh6 27. Re2 Bxf2+ 28. Kh1 c6 29. c4 Rcd8 30. Rc1 Re7 31. Bf3 Kg5 32. Re4 Kf5 33. Bg4+ Kf6 34. Be2 d5 35. Rh4 e4 36. Rf4+ Ke5 37. Rxf2 gxf2 38. Rf1 Rf7 39. g4 Kd4 40. dxe4 dxe4 41. Kg2 Ke3 42. Bd1 Rxd1 43. Rxd1 f1Q+ 44. Rxf1 Rxf1 45. Kxf1 Kd2 0-1

[Event "Wch U14"]
[Site "Al Ain"]
[Date "2013.12.27"]
[Round "10"]
[White "Loh, Zachary"]
[Black "Foziljonov, Hojiakbar"]
[Result "0-1"]
[WhiteElo "2036"]
[BlackElo "1801"]
[PlyCount "66"]
[EventDate "2013.12.18"]
[EventType "swiss"]
[EventRounds "11"]
[EventCountry "UAE"]
[SourceTitle "CBM 158 Extra"]
[Source "ChessBase"]
[SourceDate "2014.02.28"]
[SourceVersion "1"]
[SourceVersionDate "2014.02.28"]
[SourceQuality "1"]

1. d4 Nf6 2. c4 g6 3. Nc3 Bg7 4. e4 d6 5. h3 0-0 6. Bg5 h6 7. Be3 c5 8. d5 e6 9. Bd3 exd5 10. cxd5 Nbd7 11. Nf3 a6 12. a4 Re8 13. 0-0 Nf8 14. Nd2 g5 15. Re1 Ng6 16. Bf1 Nd7 17. Qc2 Nde5 18. g3 g4 19. h4 Nf3+ 20. Nxf3 gxf3 21. Qd2 Kh7 22. Bf4 Bg4 23. Ra3 Nxf4 24. Qxf4 Qd7 25. Nd1 Be5 26. Qd2 Rg8 27. Ne3 Rg6 28. Nf5 Rag8 29. Kh2 Qd8 30. Bh3 Bxf5 31. Bxf5 Qxh4+ 32. Kg1 Bxg3 33. Rxf3 Bf4+ 0-1

[Event "Wch U14"]
[Site "Al Ain"]
[Date "2013.12.21"]
[Round "5"]
[White "Foziljonov, Hojiakbar"]
[Black "Bedon, Kevin"]
[Result "1-0"]
[WhiteElo "1801"]
[BlackElo "1671"]
[PlyCount "97"]
[EventDate "2013.12.18"]
[EventType "swiss"]
[EventRounds "11"]
[EventCountry "UAE"]
[SourceTitle "CBM 158 Extra"]
[Source "ChessBase"]
[SourceDate "2014.02.28"]
[SourceVersion "1"]
[SourceVersionDate "2014.02.28"]
[SourceQuality "1"]

1. e4 e5 2. Nf3 Nc6 3. Bb5 a6 4. Ba4 Nf6 5. 0-0 b5 6. Bb3 Be7 7. Re1 0-0 8. h3 d6 9. c3 Nb8 10. d4 Nbd7 11. Nbd2 c5 12. Nf1 Qc7 13. Ng3 c4 14. Bc2 Re8 15. Nf5 Bf8 16. g4 exd4 17. Qxd4 Nc5 18. Bf4 Ne6 19. Qd2 Nxf4 20. Qxf4 Nd7 21. Rad1 Ne5 22. N3d4 Bb7 23. Ne3 Ng6 24. Qf3 Be7 25. Ndf5 Rad8 26. Nd5 Bxd5 27. Rxd5 Bf6 28. a4 b4 29. Red1 b3 30. Bb1 Be5 31. g5 Nf4 32. Qg4 Re6 33. R5d2 h5 34. Qh4 Rg6 35. Kh1 Rd7 36. Nd4 Re7 37. Ne2 Nxe2 38. Rxe2 f6 39. f4 fxg5 40. Qxh5 Rh6 41. Qxg5 Bf6 42. Qd5+ Kf8 43. Qxd6 Qxd6 44. Rxd6 Rxh3+ 45. Kg2 Rh6 46. e5 g5 47. f5 Bg7 48. Rxh6 Bxh6 49. f6 1-0